Maisy goes to the museum : (Record no. 5901)
[ view plain ]
| 000 -LEADER | |
|---|---|
| fixed length control field | 01334cam a22003617a 4500 |
| 001 - CONTROL NUMBER | |
| control field | 5901 |
| 003 - CONTROL NUMBER IDENTIFIER | |
| control field | FISKH |
| 005 - DATE AND TIME OF LATEST TRANSACTION | |
| control field | 20250131110337.0 |
| 008 - FIXED-LENGTH DATA ELEMENTS--GENERAL INFORMATION | |
| fixed length control field | 070723s2008 maua j 000 1 eng d |
| 010 ## - LIBRARY OF CONGRESS CONTROL NUMBER | |
| LC control number | 2007933557 |
| 020 ## - INTERNATIONAL STANDARD BOOK NUMBER | |
| International Standard Book Number | 9780763638382 |
| 020 ## - INTERNATIONAL STANDARD BOOK NUMBER | |
| International Standard Book Number | 0763638382 |
| 020 ## - INTERNATIONAL STANDARD BOOK NUMBER | |
| International Standard Book Number | 9780763643706 |
| 020 ## - INTERNATIONAL STANDARD BOOK NUMBER | |
| International Standard Book Number | 076364370X |
| 035 ## - SYSTEM CONTROL NUMBER | |
| System control number | (OCoLC)ocn166388031 |
| 040 ## - CATALOGING SOURCE | |
| Original cataloging agency | BTCTA |
| Transcribing agency | BTCTA |
| Modifying agency | BAKER |
| -- | OCO |
| -- | XY4 |
| -- | MUS |
| -- | VP@ |
| -- | JBO |
| -- | UPZ |
| -- | EHH |
| -- | CQU |
| -- | IFK |
| -- | BDX |
| -- | DLC |
| Language of cataloging | eng |
| 050 ## - LIBRARY OF CONGRESS CALL NUMBER | |
| Classification number | PZ7.C83175 M |
| 082 ## - DEWEY DECIMAL CLASSIFICATION NUMBER | |
| Classification number | 823.914 |
| 100 1# - MAIN ENTRY--PERSONAL NAME | |
| Personal name | Cousins, Lucy. |
| Dates associated with a name | (1964-) |
| 245 ## - TITLE STATEMENT | |
| Title | Maisy goes to the museum : |
| Statement of responsibility, etc. | Lucy Cousins |
| Remainder of title | A maisy first experiences book / |
| 250 ## - EDITION STATEMENT | |
| Edition statement | First published in 2009 |
| 260 ## - PUBLICATION, DISTRIBUTION, ETC. | |
| Place of publication, distribution, etc. | Massachusetts : |
| Name of publisher, distributor, etc. | Candlewick Press, |
| Date of publication, distribution, etc. | 2008. |
| 300 ## - PHYSICAL DESCRIPTION | |
| Extent | 25 unnumbered pages : |
| Other physical details | color illustrations ; |
| Dimensions | 19 cm x 24 cm. |
| 505 ## - FORMATTED CONTENTS NOTE | |
| Formatted contents note | G<br/> |
| 520 ## - SUMMARY, ETC. | |
| Summary, etc. | With her friends by her side, Maisy takes the lead in their exciting tour of the local museum where they get to see exhibits of everything from super-sized dinosaurs and rocket ships to vintage vehicles and even a giant dollhouse! |
| 521 8# - TARGET AUDIENCE NOTE | |
| Target audience note | 370<br/> |
| Source | Lexile estimate<br/> |
| 521 8# - TARGET AUDIENCE NOTE | |
| Target audience note | G<br/> |
| Source | Raz-Plus<br/> |
| 650 #0 - SUBJECT ADDED ENTRY--TOPICAL TERM | |
| Topical term or geographic name entry element | Museums |
| Form subdivision | Juvenile fiction. |
| 650 #0 - SUBJECT ADDED ENTRY--TOPICAL TERM | |
| Topical term or geographic name entry element | Mice |
| Form subdivision | Juvenile fiction. |
| 906 ## - LOCAL DATA ELEMENT F, LDF (RLIN) | |
| a | 7 |
| b | cbc |
| c | copycat |
| d | 2 |
| e | epcn |
| f | 20 |
| g | y-gencatlg |
| 942 ## - ADDED ENTRY ELEMENTS (KOHA) | |
| Source of classification or shelving scheme | Dewey Decimal Classification |
| Koha item type | Books |
| Suppress in OPAC | No |
| Withdrawn status | Lost status | Source of classification or shelving scheme | Damaged status | Not for loan | Collection | Home library | Current library | Shelving location | Date acquired | Total Checkouts | Full call number | Barcode | Date last seen | Date last checked out | Copy number | Price effective from | Koha item type |
|---|---|---|---|---|---|---|---|---|---|---|---|---|---|---|---|---|---|
| Dewey Decimal Classification | Juvenile Fiction | Footprints International School Library Network Toul Kork Campus | Footprints International School Library Network Toul Kork Campus | TK Primary Library Room(4th Floor), Bookcase 7, Shelves 57-60, Dark Green Books | 01/31/2025 | 1 | COU 823.914 PZ7.C83175 M | FISTK02670 | 03/25/2026 | 12/10/2025 | 1 | 01/31/2025 | Books |
